Rumah Rahsia / (Record no. 203498)

MARC details
000 -LEADER
fixed length control field 00950nam a2200277 ia4500
005 - DATE AND TIME OF LATEST TRANSACTION
control field 20260325160707.0
008 - FIXED-LENGTH DATA ELEMENTS--GENERAL INFORMATION
fixed length control field 260325s2025 my jr 000 f may d
020 ## - INTERNATIONAL STANDARD BOOK NUMBER
International Standard Book Number 9789672456957
Terms of availability RM19.00
Qualifying information paperback
040 ## - CATALOGING SOURCE
Original cataloging agency PPAK
Language of cataloging eng
Transcribing agency PPAK
Description conventions rda
082 04 - DEWEY DECIMAL CLASSIFICATION NUMBER
Classification number 899.2333
Edition number 23
090 00 - LOCALLY ASSIGNED LC-TYPE CALL NUMBER (OCLC); LOCAL CALL NUMBER (RLIN)
Classification number (OCLC) (R) ; Classification number, CALL (RLIN) (NR) 899.2333
Feature heading ASA
Feature heading K
100 0# - MAIN ENTRY--PERSONAL NAME
Personal name A. Samad Said,
Fuller form of name (Abdul Samad Said),
Titles and words associated with a name Dato',
Dates associated with a name 1935-
Relator term author.
245 10 - TITLE STATEMENT
Title Rumah Rahsia /
Statement of responsibility, etc. A. SAMAD SAID
250 ## - EDITION STATEMENT
Edition statement EDISI KHAS :
Remainder of edition statement PESTA BUKU ANTARABANGSA KUALA LUMPUR
264 #1 - PRODUCTION, PUBLICATION, DISTRIBUTION, MANUFACTURE, AND COPYRIGHT NOTICE
Place of production, publication, distribution, manufacture Kajang, Selangor :
Name of producer, publisher, distributor, manufacturer NUHA CREATIVE RESOURCES,
Date of production, publication, distribution, manufacture, or copyright notice 2025
300 ## - PHYSICAL DESCRIPTION
Extent 119 pages ;
Dimensions 19 cm
336 ## - CONTENT TYPE
Content type term text
Source rdacontent
337 ## - MEDIA TYPE
Media type term unmediated
Source rdamedia
338 ## - CARRIER TYPE
Carrier type term volume
Source rdacarrier
490 1# - SERIES STATEMENT
Series statement SIRI APRESIASI REMAJA SASTERAWAN NEGARA
650 10 - SUBJECT ADDED ENTRY--TOPICAL TERM
Topical term or geographic name entry element Children's stories, Malay
Topical term or geographic name entry element Malay fiction
Topical term or geographic name entry element Malaysian fiction (Malay)
830 #0 - SERIES ADDED ENTRY--UNIFORM TITLE
Uniform title Siri apresiasi sasterawan negara
942 ## - ADDED ENTRY ELEMENTS (KOHA)
Source of classification or shelving scheme Dewey Decimal Classification
Koha item type Book
Holdings
Withdrawn Not for loan Current library Shelving location Date acquired Total Checkouts Full call number Barcode Date last seen Koha item type
    Perpustakaan Alor Setar Pinjaman Kanak-kanak 29/03/2026   K 899.2333 ASA A01911164 29/03/2026 Book
    Perpustakaan Awam Sungai Petani Pinjaman Kanak-kanak 29/03/2026   K 899.2333 ASA A01911165 29/03/2026 Book
    Perpustakaan Baling Pinjaman Kanak-kanak 29/03/2026   K 899.2333 ASA A01911169 29/03/2026 Book
    Perpustakaan Bandar Baharu Pinjaman Kanak-kanak 29/03/2026   K 899.2333 ASA A01911170 29/03/2026 Book
    Perpustakaan Jitra Pinjaman Kanak-kanak 29/03/2026   K 899.2333 ASA A01911166 29/03/2026 Book
    Perpustakaan Kuala Nerang Pinjaman Kanak-kanak 29/03/2026   K 899.2333 ASA A01911174 29/03/2026 Book
    Perpustakaan Kulim Pinjaman Kanak-kanak 29/03/2026   K 899.2333 ASA A01911168 29/03/2026 Book
    Perpustakaan Langkawi Pinjaman Kanak-kanak 29/03/2026   K 899.2333 ASA A01911167 29/03/2026 Book
    Perpustakaan Merbok Pinjaman Kanak-kanak 29/03/2026   K 899.2333 ASA A01911171 29/03/2026 Book
    Perpustakaan Pendang Pinjaman Kanak-kanak 29/03/2026   K 899.2333 ASA A01911175 29/03/2026 Book
    Perpustakaan Sik Pinjaman Kanak-kanak 29/03/2026   K 899.2333 ASA A01911173 29/03/2026 Book
    Perpustakaan Yan Pinjaman Kanak-kanak 29/03/2026   K 899.2333 ASA A01911172 29/03/2026 Book